<?xml version="1.0" encoding="UTF-8"?>
<record
    xmlns:xsi="http://www.w3.org/2001/XMLSchema-instance"
    xsi:schemaLocation="http://www.loc.gov/MARC21/slim http://www.loc.gov/standards/marcxml/schema/MARC21slim.xsd"
    xmlns="http://www.loc.gov/MARC21/slim">

  <leader>01124nam a22001817a 4500</leader>
  <controlfield tag="008">190807b        xxu||||| |||| 00| 0 eng d</controlfield>
  <datafield tag="050" ind1=" " ind2=" ">
    <subfield code="a">LB1576.C738</subfield>
  </datafield>
  <datafield tag="100" ind1=" " ind2=" ">
    <subfield code="a">Fillmer, H. Thompson</subfield>
  </datafield>
  <datafield tag="245" ind1=" " ind2=" ">
    <subfield code="a">Composition through literature A. /</subfield>
    <subfield code="c">H.Thompson Fillmer.</subfield>
  </datafield>
  <datafield tag="260" ind1=" " ind2=" ">
    <subfield code="a">Dallas:</subfield>
    <subfield code="b">Litton Educational Publishing, Inc.,</subfield>
    <subfield code="c">1967.</subfield>
  </datafield>
  <datafield tag="300" ind1=" " ind2=" ">
    <subfield code="a">viii, 344 pg.:</subfield>
    <subfield code="b">ill.;</subfield>
    <subfield code="c">24 cm.</subfield>
  </datafield>
  <datafield tag="500" ind1=" " ind2=" ">
    <subfield code="a">Includes index.</subfield>
  </datafield>
  <datafield tag="505" ind1=" " ind2=" ">
    <subfield code="a">Contents: In search of a hero -- Wise of foolish? -- A story just for fun -- A change in Abe's life -- What do you see? -- Creating images -- A journey by sea -- Nessie, the sea monster -- Time for laughter -- Building suspense -- A confusing situation -- Fun with riddles -- Facts or beliefs? -- At the seashore -- Following directions -- Delving for facts -- Learning how to contrast -- Selection of books -- Words and more words -- Let's go camping --  Living portraits --  Creating an image -- A look at Switzerland -- A look at Switzerland (continued) -- Taking a measurement -- Make believe.</subfield>
  </datafield>
  <datafield tag="700" ind1=" " ind2=" ">
    <subfield code="a">Hoffman, Beth S.</subfield>
  </datafield>
  <datafield tag="700" ind1=" " ind2=" ">
    <subfield code="a">Lefcourt, Ann</subfield>
  </datafield>
  <datafield tag="700" ind1=" " ind2=" ">
    <subfield code="a">Martin, Jerome</subfield>
  </datafield>
  <datafield tag="942" ind1=" " ind2=" ">
    <subfield code="2">lcc</subfield>
    <subfield code="c">BK</subfield>
  </datafield>
  <datafield tag="999" ind1=" " ind2=" ">
    <subfield code="c">6872</subfield>
    <subfield code="d">14372</subfield>
  </datafield>
  <datafield tag="952" ind1=" " ind2=" ">
    <subfield code="0">0</subfield>
    <subfield code="1">0</subfield>
    <subfield code="2">lcc</subfield>
    <subfield code="4">0</subfield>
    <subfield code="7">0</subfield>
    <subfield code="a">WIUC-1</subfield>
    <subfield code="b">WIUC-1</subfield>
    <subfield code="c">GEN</subfield>
    <subfield code="d">2019-08-07</subfield>
    <subfield code="l">0</subfield>
    <subfield code="o">LB1576.C738</subfield>
    <subfield code="p">7157/187/13</subfield>
    <subfield code="r">2019-08-07 00:00:00</subfield>
    <subfield code="w">2019-08-07</subfield>
    <subfield code="y">BK</subfield>
  </datafield>
</record>
